Issuance of NUREG-0588, "Interim staff position on equipment qualifications of safety-related electrical equipment".

Bibliographic Details
Format: Government Document eBook
Language:English
Published: [Washington, D.C.] : [Division of Project Management, Office of Nuclear Reactor Regulation, U.S. Nuclear Regulatory Commission], 1980.
Series:Generic letter ; 80-10.
Subjects:
Online Access:https://purl.fdlp.gov/GPO/gpo153764

MARC

Tag First Indicator Second Indicator Subfields
LEADER 00000cam a2200000 i 4500
001 in00004433366
005 20211120112027.0
006 m o d f
007 cr |||||||||||
008 210402s1980 dcu o f000 0 eng c
035 |a (OCoLC)on1244546139 
042 |a pcc 
040 |a GPO  |b eng  |e rda  |e pn  |c GPO  |d GPO  |d MvI 
049 |a WWW 
074 |a 1051-H-08 (online) 
086 0 |a Y 3.N 88:56/80-10 
245 0 0 |a Issuance of NUREG-0588, "Interim staff position on equipment qualifications of safety-related electrical equipment". 
264 1 |a [Washington, D.C.] :  |b [Division of Project Management, Office of Nuclear Reactor Regulation, U.S. Nuclear Regulatory Commission],  |c 1980. 
300 |a 1 online resource. 
336 |a text  |b txt  |2 rdacontent 
337 |a computer  |b c  |2 rdamedia 
338 |a online resource  |b cr  |2 rdacarrier 
490 1 |a Generic letter ;  |v 80-10 
500 |a "Feb 05 1980." 
588 |a Description based on online resource; title from HTML caption (NRC, viewed April 2, 2021). 
650 0 |a Nuclear power plants  |x Electric equipment. 
650 0 |a Nuclear power plants  |x Safety measures. 
710 2 |a U.S. Nuclear Regulatory Commission.  |b Division of Project Management,  |e issuing body. 
830 0 |a Generic letter ;  |v 80-10. 
856 4 0 |u https://purl.fdlp.gov/GPO/gpo153764  |t 0 
999 f f |s a42c6c79-4ccc-349b-a3af-468425a2afe7  |i acc12f61-9bf6-36ee-8a6a-076f0ffe4fec  |t 0 
952 f f |a Texas A&M University  |b College Station  |c Electronic Resources  |d Available Online  |t 0  |e Y 3.N 88:56/80-10  |h Superintendent of Documents classification 
998 f f |a Y 3.N 88:56/80-10  |t 0  |l Available Online